000 00648nam a2200229Ia 4500
005 20250923145651.0
008 008 250917s9999 xx 000 0 eng d
037 _aTextual
040 _aDSWL
_beng
_cDSWL
041 _aeng
_2eng
084 _aY:5.2'N71<-N01, N85
_qDSWL
100 _aAgarwala, S. N.
_9837742
245 0 _aIndia's population problems
_c by S. N. Agarwala
250 _a3
260 _aNew Delhi
_bDelhi Tata McGraw Hill
_c1985
300 _axii,244p.
365 _aINR
_b78.3
700 _aP U SINHA
_9837743
925 _g78.3
942 _cTEXL
_hY:5.2'N71<-N01, N85
999 _c1454141
_d1454141